000 00522nam a2200181 i 4500
001 85778
003 ES-MaACL
005 20240520181646.0
007 t|
008 041201s1973 sp ||||1| spa d
100 0 _aJuan Carlos
_bI,
_cRey de España
_967108
245 1 0 _aPor España, con los españoles /
_cJuan Carlos I, Rey de España.
250 _a[1ª ed.].
260 _a[Madrid] :
_bDoncel,
_c[1973]
300 _a270 p., 8 lám. ;
_c22 cm.
852 _aES-MaACL
_jC-52383
_bR.85959
999 _c85778
_d85778